000 00264nam a2200109Ia 4500
008 200302s9999 xx 000 0 und d
100 _aA I A
245 _aDesign for Aging Review
260 _bImages Publishing Group Pvt. Ltd.
260 _c2001
300 _a240 P.,
999 _c1208
_d1208